Around the world in 80 games : A mathematician unlocks the secrets of the great games (Record no. 3963)

MARC details
000 -LEADER
fixed length control field 00494nam a22001817a 4500
003 - CONTROL NUMBER IDENTIFIER
control field OSt
005 - DATE AND TIME OF LATEST TRANSACTION
control field 20260309171741.0
008 - FIXED-LENGTH DATA ELEMENTS--GENERAL INFORMATION
fixed length control field 260309b |||||||| |||| 00| 0 eng d
020 ## - INTERNATIONAL STANDARD BOOK NUMBER
International Standard Book Number 9780008679446
082 ## - DEWEY DECIMAL CLASSIFICATION NUMBER
Classification number 794
Item number SAUA
100 ## - MAIN ENTRY--PERSONAL NAME
Personal name Sautoy, Marcus Du
245 ## - TITLE STATEMENT
Title Around the world in 80 games : A mathematician unlocks the secrets of the great games
260 ## - PUBLICATION, DISTRIBUTION, ETC.
Place of publication, distribution, etc. London
Name of publisher, distributor, etc. 4TH Estate
Date of publication, distribution, etc. 2023
300 ## - PHYSICAL DESCRIPTION
Extent 369p
546 ## - LANGUAGE NOTE
Language note English
650 ## - SUBJECT ADDED ENTRY--TOPICAL TERM
Topical term or geographic name entry element Indoor Games of Skill
942 ## - ADDED ENTRY ELEMENTS (KOHA)
Source of classification or shelving scheme Dewey Decimal Classification
Koha item type Book
Holdings
Withdrawn status Lost status Source of classification or shelving scheme Damaged status Not for loan Collection code Home library Current library Shelving location Date acquired Source of acquisition Cost, normal purchase price Inventory number Total Checkouts Full call number Barcode Date last seen Price effective from Koha item type
    Dewey Decimal Classification     Non-fiction RIC Library RIC Library General Stacks 03/09/2026 M/s Allied Informatics 599.00 14257/04.03.2026   794 SAUA 003242 03/09/2026 03/09/2026 Book

Venue

Rajasthan International Centre
Sansthan Path,JLN Marg, Jaipur- 302017
Phone: +91-7230904025